| 000 | 00865nam a2200241 i 4500 | ||
|---|---|---|---|
| 001 | 145514 | ||
| 003 | ES-MaACL | ||
| 007 | t| | ||
| 008 | 071015s1983 sp ||||1| spa d | ||
| 100 | 1 |
_aVenegas, Alejo. _9113886 |
|
| 245 | 1 | 0 |
_aPrimera parte de las diferencias de libros q[ue] ay en el universo / _cAlejo Venegas ; prólogo de Daniel Eisenberg. |
| 260 |
_aBarcelona : _bPuvill, _c[1983] |
||
| 300 |
_a1 vol. ; _c23 cm. |
||
| 490 | 1 |
_aBiblioteca Hispánica "Puvill" ; _v3. _aSerie Literatura |
|
| 500 | _aReprod. facs. de la ed. de Toledo: Juan de Ayala, 1546. | ||
| 650 | 1 | 7 |
_aTeología _2embne _917457 |
| 655 | 7 |
_2tgfbne _9226495 _aFacsímiles |
|
| 700 | 1 |
_aEisenberg, Daniel. _946854 |
|
| 830 | 0 |
_aBiblioteca Hispánica "Puvill" ; _v3. _aSerie Literatura _9220773 |
|
| 852 |
_aES-MaACL _jL-5141 _bR.105537 |
||
| 942 | _2udc | ||
| 999 |
_c145514 _d145514 |
||